| 000 | 01967nam a22002777a 4500 | ||
|---|---|---|---|
| 001 | 8921 | ||
| 003 | FISKH | ||
| 005 | 20251212145946.0 | ||
| 008 | 251031b cb ||||| |||| 00| 0 eng d | ||
| 040 |
_aFISKH _bkhr _cFISKH _dFISKH |
||
| 050 | _aPZ7 | ||
| 082 | _a398.2 | ||
| 100 | _aAnonymous | ||
| 245 |
_aលោកយាយនិងក្របីខ្មៅ / _cBy Anonymous |
||
| 260 | _aPhnom Penh : | ||
| 300 |
_a16 pages : _bcolor illustrations ; _c21 cm . |
||
| 490 | _aពិភពរឿងនិទាន | ||
| 505 | _aJ | ||
| 520 | _aមានដូនចាស់ម្នាក់រស់នៅជាមួយក្របីខ្មៅមួយក្បាល ។ ថ្ងៃមួយក្បួនរទេះដែលមាន500រទេះបានធ្វើដំណើរឆ្លងកាត់ផ្ទះដូនចាស់នោះ ។ ប៉ុន្តែរទេះទាំងនោះជាប់ផុងមិនអាចឆ្លងកាត់ទន្លបាន។ មេក្រុមបារម្ភជាខ្លាំងគាត់ក៏ស្វែងរកក្របីផ្សេងមកជួយ ។ គាត់ក៏បានជួបជាមួយក្របីដូនចាស់ ហើយក្របីក៏ព្រមជួយជាថ្នូរនេសពីរកាក់មាសក្នុងមួយរទេះ ។ ពេលចប់ការងារមេក្រុមបរទេះមិនគោរពសន្យាទេដូចនេះវាក៏រារាំងមេក្រុមមិនអោយធ្វើដំនើរទៅមុខ | ||
| 521 | 8 |
_a500
_bLexile estimate |
|
| 521 | 8 |
_aJ
_bRaz-Plus |
|
| 650 |
_aលោកយាយនិងក្របីខ្មៅ _vរឿងនិទានកុមារ |
||
| 650 |
_aGrandmother and black buffalo _vChildren's Stories |
||
| 942 |
_2ddc _cKHB _n0 |
||
| 999 |
_c8921 _d8921 |
||